| 000 | 00635nam a2200181 i 4500 | ||
|---|---|---|---|
| 001 | 159189 | ||
| 003 | ES-MaACL | ||
| 005 | 20240516063100.0 | ||
| 008 | 991015q18951900sp |||| | spa d | ||
| 040 |
_aCAM _bspa _cCAM |
||
| 100 | 1 |
_aMaupassant, Guy de, _d1850-1893 _979214 |
|
| 245 | 1 | 3 |
_aLa mancebía _b: (la maison Tellier) / _cGuy de Maupassant. |
| 260 |
_aValencia : _bFrancisco Sempere editor, _c[s.a.] ( _fImprenta de El Pueblo) |
||
| 300 |
_a219 p. ; _c18 cm. |
||
| 596 | _aPalau, t.VIII señala la existencia de una 2ª ed. de 1901. | ||
| 852 |
_aES-MaACL _jD-1734 _z-- Enc. hol. |
||
| 999 |
_c159189 _d159189 |
||